|
|
|
|
| LEADER |
00929nam a22002051u 4500 |
| 001 |
10113123 |
| 003 |
GR-PaULI |
| 005 |
20240415135018.0 |
| 008 |
140623s1962 gr gre |
| 952 |
|
|
|0 0
|1 0
|2 ddc
|4 0
|6 880_900000000000000_ΜΑΝ
|7 0
|9 243982
|a LISP
|b LISP
|c BSC
|d 2020-09-30
|i 13768
|l 0
|o 880.9 ΜΑΝ
|p 025000276141
|r 2020-09-30 00:00:00
|t 1
|v 2020.00
|w 2020-09-30
|y BK15
|
| 999 |
|
|
|c 147224
|d 147224
|
| 040 |
|
|
|a GR-PaULI
|c GR-PaULI
|b gre
|e AACR2
|
| 082 |
0 |
4 |
|a 880.9
|2 23
|
| 100 |
1 |
|
|a Μάνος, Δημήτρης Π.
|e συγγραφέας.
|9 183381
|
| 245 |
1 |
3 |
|a Το λυκόφως των αρχαίων :
|b (τρείς τελευταίοι έλληνες) /
|c Δημ. Π. Μάνου.
|
| 260 |
|
|
|a Αθήναι :
|b Φέξης,
|c 196.
|
| 300 |
|
|
|a 150 σ. ;
|b
|c 22 εκ.
|
| 650 |
|
4 |
|9 11753
|a Ελληνική λογοτεχνία, Αρχαία
|x Ιστορία και κριτική.
|
| 942 |
|
|
|2 ddc
|c BK15
|
| 998 |
|
|
|c ΜΠΟΥΡΑΣ
|d 2020-09
|